Spell the Marvel Character #335 - Statistics

General Stats
  • This quiz has been taken 14 times
  • The average score is 7 of 8
Answer Stats
Picture Answer % Correct
Agent Venom
100%
Black Widow
100%
Iron Man
100%
Rogue
100%
Wasp
93%
Redwing
79%
Warbird
79%
Doc Samson
64%
No matching quizzes found
Score Distribution
Percent of People with Each Score
Percentile by Number Answered
Your Score History
You have not taken this quiz